000
002690000a22000970004500
100
1
_a
Miller, Darrow L.
245
1
0
_a
Biblical holism : Critiquing a critique
300
_a
Vol. 35, Núm 3 (1999), Páginas 299-302
773
0
_t
Evangelical Missions Quarterly
942
_c
ANA
999
_c
58204
_d
58204